000 00697nam a22002052 4500
001 0000019080
005 20151217152144.0
008 100908s xx 000 0 eng d
020 _a080103468x :
040 _aKABU
_cKABU
245 1 4 _aThe Apostolic fathers :
_bGreek texts and English translations /
_cedited and translated by Michael William Holmes.
250 _a3rd ed.
260 _aGrand Rapids, Michigan :
_bBaker Academic,
_c2007.
300 _axxv, 799 p.
650 0 _aChristian literature, Early
_xGreek authors.
_@0000178691
700 1 _aHolmes, Michael William.
_@0000178692
852 1 _9p500 KES
908 _a100908
950 _@1
999 _c8806
_d8806